000 00446pab a2200181 454500
008 180718b2014 xxu||||| |||| 00| 0 eng d
100 _aMcCormack, John
245 _aHerding cats? Management and university performance
260 _c2014
300 _ap.F534-F564.
362 _aAug
650 _aHigher education
700 _aSmith, Sarah
700 _aPropper, Carol
773 _aEconomic Journal
908 _aN
909 _a105325
999 _c105320
_d105320